<?xml version="1.0" encoding="UTF-8"?>
<record
    xmlns:xsi="http://www.w3.org/2001/XMLSchema-instance"
    xsi:schemaLocation="http://www.loc.gov/MARC21/slim http://www.loc.gov/standards/marcxml/schema/MARC21slim.xsd"
    xmlns="http://www.loc.gov/MARC21/slim">

  <leader>00622cam a2200205 i 4500</leader>
  <datafield tag="999" ind1=" " ind2=" ">
    <subfield code="c">7369</subfield>
    <subfield code="d">7369</subfield>
  </datafield>
  <controlfield tag="001">005716990</controlfield>
  <controlfield tag="003">YEEZEN</controlfield>
  <controlfield tag="005">20230113095657.0</controlfield>
  <controlfield tag="008">220103s2021    ch a   e      000 0 chi d</controlfield>
  <datafield tag="020" ind1=" " ind2=" ">
    <subfield code="a">9789864345632</subfield>
    <subfield code="q">(&#x5E73;&#x88DD;) :</subfield>
    <subfield code="c">NT$500</subfield>
  </datafield>
  <datafield tag="040" ind1=" " ind2=" ">
    <subfield code="a">NCYU</subfield>
    <subfield code="b">chi</subfield>
    <subfield code="c">NCYU</subfield>
    <subfield code="e">ccr</subfield>
  </datafield>
  <datafield tag="042" ind1=" " ind2=" ">
    <subfield code="a">nbic</subfield>
  </datafield>
  <datafield tag="084" ind1=" " ind2=" ">
    <subfield code="a">312.74</subfield>
    <subfield code="2">ncsclt</subfield>
  </datafield>
  <datafield tag="090" ind1=" " ind2=" ">
    <subfield code="a">312.74</subfield>
  </datafield>
  <datafield tag="100" ind1="1" ind2=" ">
    <subfield code="a">&#x5433;&#x71E6;&#x9298;</subfield>
  </datafield>
  <datafield tag="245" ind1="1" ind2="0">
    <subfield code="a">Power BI&#x5BE6;&#x4F5C;&#x5927;&#x6578;&#x64DA;&#x7BE9;&#x9078;&#x5206;&#x6790;&#x8207;&#x5546;&#x696D;&#x5716;&#x8868;&#x8A2D;&#x8A08; /</subfield>
    <subfield code="c">&#x5433;&#x71E6;&#x9298;&#x8457;</subfield>
  </datafield>
  <datafield tag="250" ind1=" " ind2=" ">
    <subfield code="a">&#x521D;&#x7248;</subfield>
  </datafield>
  <datafield tag="260" ind1=" " ind2=" ">
    <subfield code="a">&#x65B0;&#x5317;&#x5E02; :</subfield>
    <subfield code="b">&#x535A;&#x78A9;&#x6587;&#x5316;,</subfield>
    <subfield code="c">2021.03.</subfield>
  </datafield>
  <datafield tag="300" ind1=" " ind2=" ">
    <subfield code="a">1&#x518A; :</subfield>
    <subfield code="b">&#x5F69;&#x5716; ;</subfield>
    <subfield code="c">23&#x516C;&#x5206;</subfield>
  </datafield>
  <datafield tag="650" ind1=" " ind2="7">
    <subfield code="a">&#x8CC7;&#x6599;&#x63A2;&#x52D8;</subfield>
    <subfield code="2">lcstt.</subfield>
  </datafield>
  <datafield tag="650" ind1=" " ind2="7">
    <subfield code="a">&#x5546;&#x696D;&#x8CC7;&#x6599;&#x8655;&#x7406;</subfield>
    <subfield code="2">lcstt.</subfield>
  </datafield>
  <datafield tag="942" ind1=" " ind2=" ">
    <subfield code="2">ccl</subfield>
    <subfield code="c">BOOK</subfield>
  </datafield>
  <datafield tag="952" ind1=" " ind2=" ">
    <subfield code="0">0</subfield>
    <subfield code="1">0</subfield>
    <subfield code="2">ccl</subfield>
    <subfield code="4">0</subfield>
    <subfield code="7">0</subfield>
    <subfield code="a">yeezen</subfield>
    <subfield code="b">yeezen</subfield>
    <subfield code="c">YEEZEN</subfield>
    <subfield code="d">2023-01-13</subfield>
    <subfield code="l">4</subfield>
    <subfield code="m">2</subfield>
    <subfield code="o">312.74</subfield>
    <subfield code="p">C02930</subfield>
    <subfield code="r">2024-04-24 00:00:00</subfield>
    <subfield code="s">2024-03-29</subfield>
    <subfield code="w">2023-01-13</subfield>
    <subfield code="y">BOOK</subfield>
    <subfield code="z">&#x261D; &#x535A;&#x78A9;&#x56B4;&#x9078;&#xFF01;Power BI&#x5546;&#x52D9;&#x61C9;&#x7528;&#x53CA;&#x5927;&#x6578;&#x64DA;&#x8CC7;&#x6599;&#x5206;&#x6790;&#x7684;&#x512A;&#x9078;&#x6559;&#x6750;&#xFF01; &#x261D; &#x597D;&#x8A55;&#x518D;&#x4E0A;&#x5E02;&#xFF0C;&#x56DE;&#x994B;&#x767C;&#x884C;&#x4E2D;&#xFF01;  &#x2611;&#x591A;&#x6A23;&#x7684;Power BI&#x5546;&#x52D9;&#x7BC4;&#x4F8B;&#xFF0C;&#x6613;&#x61C2;&#x6613;&#x5B78;&#x53C8;&#x6613;&#x4E0A;&#x624B; &#x2611;&#x878D;&#x6703;&#x8CAB;&#x901A;&#x5927;&#x6578;&#x64DA;&#x8CC7;&#x6599;&#x5206;&#x6790;&#x5229;&#x5668;&#xFF0C;&#x63D0;&#x9AD8;&#x81EA;&#x8EAB;&#x5546;&#x52D9;&#x8077;&#x5834;&#x50F9;&#x503C; &#x2611;&#x6EFF;&#x8DB3;&#x8B80;&#x8005;&#x4E00;&#x6B21;&#x4E86;&#x89E3;Power BI&#x4E09;&#x5927;&#x5E73;&#x53F0;&#x7684;&#x529F;&#x80FD;&#x7279;&#x9EDE; &#x2611;&#x4F9D;&#x5FAA;step by step&#x7684;&#x6B65;&#x9A5F;&#x5F15;&#x5C0E;&#xFF0C;&#x964D;&#x4F4E;&#x5B78;&#x7FD2;&#x904E;&#x7A0B;&#x7684;&#x969C;&#x7919;</subfield>
  </datafield>
</record>
